Character Animation Crash Course (Record no. 6374)

000 -LEADER
fixed length control field 00364nam a2200145Ia 4500
008 - FIXED-LENGTH DATA ELEMENTS--GENERAL INFORMATION
fixed length control field 190704s9999||||xx |||||||||||||| ||und||
020 ## - INTERNATIONAL STANDARD BOOK NUMBER
International Standard Book Number 9781879505971
082 ## - DEWEY DECIMAL CLASSIFICATION NUMBER
Classification number 791.433
Item number CGO/C
100 ## - MAIN ENTRY--PERSONAL NAME
Personal name Cgoldberg, Eric
245 #0 - TITLE STATEMENT
Title Character Animation Crash Course
260 ## - PUBLICATION, DISTRIBUTION, ETC.
Place of publication, distribution, etc. Los Angeles
Name of publisher, distributor, etc. Silman/James
Date of publication, distribution, etc. 2008
300 ## - PHYSICAL DESCRIPTION
Extent 218p.
700 ## - ADDED ENTRY--PERSONAL NAME
Personal name Bird, Brad
942 ## - ADDED ENTRY ELEMENTS (KOHA)
Koha item type Book

No items available.

All Rights Reserved@MUIT

Powered by Koha